00884nam a22002537a 450000500170000001000110001702000100002803500110003803700160004904000120006508200170007710000350009424501350012926000390026427000220030330000200032550000260034565000340037165000260040570000270043194200260045899900190048495201270050320170124105913.0 a198889 c00.00 a198889 bCen Lib/Ret aDPLbEN a016.954bTAR aTaraporevala, Vicaji D.B91178 aMughal bibliography :cby Vicaji D.B. Traporevala [and] D.N. Marshall bselect persian sourses for the study of mughals in india / aBombaybThe New Book Companyc1962 bBombayaD.N. Road a164p.c22cm(Hb) aIncludes bibliography aMughal bibliography y 91179 aHistory zIndia 9436 aMarshall, D.N.9113492 2ddccENh016.954mTAR c122615d122615 001040718REFaLbLd2015-05-28eCen Lib/Retg0.00l0o016.954 TARp198889r2015-05-28 00:00:00t1v0.00w2015-05-28yEN